000 00329nam a2200133Ia 4500
005 20260328104331.0
008 260328s9999||||xx |||||||||||||| ||und||
100 _aRobert, Philippe
245 0 _aReconversions Adaptations /
_cPhilippe Robert
260 _bMoniteur
300 _a119 p.
650 _aARQUITECTURA
942 _cBK
999 _c11705
_d11705